000 01193njm a2200301Ia 4500
001 24668
003 IT-RoPAU
005 20220918181141.0
008 131025s9999 xx 000 0 und d
040 _aIT-RoPAU
040 _cIT-RoPAU
999 _c101244
_d101244
999 _bn.d.
100 _aBlum H.
_911525
100 _eAutore musica
_911526
100 _gCodice autore musica SPICS: 27525
_911527
245 _aGrandi melodie russe
250 _a1a ed.
260 _aVARESE
260 _bDUCALE
_c1971 [1a Ed.:1971]
300 _aDISCO
500 _aArrangiamento di celebri melodie russe
505 _aEine Weisse Birke - Kosaken Mussen Reiten - Die Sage Vom Gold In Der Wolga - Ach Natasha - Solang Ein Stern Am Himmel Steht - Mit Der Troika In Die Grosse Stadt - Die Newa - Spiel Zigeuner - Gold'ne Abendsonne - In Odessa - Nur Der Wind - Hei, Andruschka
650 _aARRANGIAMENTO [DISCHI]
_eCodice MATERIA SPICS: 9950
_911528
700 _aBauer Rudy
_eAutore testo e musica
_gCodice autore testo/musica SPICS: 26043
_911529
700 _aWeyrich F.
_gCodice autore SPICS: 27330
_eAutore
_911530
700 _aRebroff Ivan
_eInterprete
_gCodice interprete SPICS: 9670
_911531
942 _cMD
_2ddc